MDQL
is popping MORE tags! Check the
thread
!
Quizzes
Events
Quiz Creation
Community
Videos
Private Events
Remove Ads
Sign In
Join for FREE
Feedback
Dark Mode
Quiz Categories
Sports
Geography
Music
Movies
Television
Just For Fun
Miscellaneous
History
Literature
Language
Science
Gaming
Entertainment
Religion
Holiday
For Kids
Quiz Lab
Recent
Popular Today
Quiz Kudos Today
Editor Picks
Curator Picks
Quizzes by...
Day
Popularity
Type
Ratings
Length
Year
Community
Subscriptions
Recent Discussions
Orange Saloon
Badges
Playlists
Quests
Create
Leaderboards
Showdown
Live 5
Trivia Bingo
Activity
Puzzle Library
Sporcle Events
Private Events
Virtual Trivia
Globe League
Become a Host
Pub Owners
SporcleCon
Opinionation
Our Games
Videos
Blog
Mobile Apps
Partnerships
Remove Ads and Go Orange
Feedback
Entertainment
Celebrity
Famous
Musical
Broadway
Show
Quote
Comic Books
Anime
Superhero
DC Comics
Marvel
Cartoons
Animation
Entertainment
Celebrity
Famous
Musical
Broadway
Show
Quote
Comic Books
Anime
Superhero
DC Comics
Marvel
Cartoons
Animation
Random Quiz
Search Sporcle
×
Curator Pick
Curator Pick
Entertainment
Superhero
Type answers that correspond to images
Type answers that correspond to images
Picture Box
Best Score? Go Orange.
Superheroes Movie Alter-Egos Stats
Can you name the mild mannered alter-ego names of these movie superheroes?
By
Hejman
7m
35 Questions
2,277 Plays
2,277 Plays
2,277 Plays
Comments
Comments
Give Quiz Kudos
Give Quiz Kudos
-
- Ratings
hide this ad
More Info
Forced Order
Answers have to be entered in order
Answers have to be entered in order
Replay
Link that replays current quiz
Next Quiz
Link to next quiz in quiz playlist
You Got
0%
They Got
Avg Score
49%
Avg Friend Score
Upgrade to see
Score Distribution
Jump to the score distribution portion of the page
Score
0/35
Timer
07:00
0
Plays Today
Alter-ego
% Correct
Christopher Reeve as Clark Kent (Superman 1978)
97.5%
Michael Keaton as Bruce Wayne (Batman 1989)
84.4%
Tobey Maguire as Peter Parker (Spider-Man 2002)
83.2%
Robert Downey Jr. as Tony Stark (Iron Man 2008)
81.3%
Hugh Jackman as James Howlett/Logan (X-Men 2000)
79.8%
Andrew Garfield as Peter Parker (The Amazing Spider-Man 2012)
72.8%
Mark Ruffalo as Bruce Banner (The Avengers 2012)
71.8%
Christian Bale as Bruce Wayne (Batman Begins 2005)
71%
Brandon Routh as Clark Kent (Superman Returns 2006)
70.1%
George Clooney as Bruce Wayne (Batman & Robin 1997)
66.2%
Ed Norton as Bruce Banner (The Incredible Hulk 2008)
65.3%
Ryan Reynolds as Hal Jordan (Green Lantern 2011)
60.2%
Chris Evans as Steve Rogers (Captain America 2011)
59.7%
Adam West as Bruce Wayne (Batman 1966)
59.7%
Val Kilmer as Bruce Wayne (Batman Forever 1995)
58.2%
Ben Affleck as Matt Murdock (Daredevil 2003)
57.5%
Henry Cavill as Clark Kent (Man of Steel 2013)
55.4%
Craig T. Nelson as Bob Parr (The Incredibles 2004)
52.3%
Alter-ego
% Correct
Halle Berry as Ororo Munroe (X-Men 2000)
47.3%
Eric Bana as Bruce Banner (The Hulk 2003)
47.2%
Jim Carrey as Stanley Ipkiss (The Mask 1994)
45.8%
Michael Chiklis as Ben Grimm (Fantastic Four 2005)
41.5%
Halle Berry as Patience Phillips (Catwoman 2004)
39.3%
Thomas Jane as Frank Castle (The Punisher 2004)
35.1%
Jennifer Lawrence as Raven Darkholme (X-Men: First Class 2011)
34.1%
Seth Rogen as Britt Reid (The Green Hornet 2011)
34%
Ian McKellen as Erik Lehnsherr (X-Men 2000)
33.9%
Brandon Lee as Eric Draven (The Crow 1994)
24.7%
Helen Slater as Linda Lee (Supergirl 1984)
19.3%
Alec Baldwin as Lamont Cranston (The Shadow 1994)
19%
Liam Neeson as Peyton Westlake (Darkman 1990)
18.3%
Billy Zane as Kit Walker (The Phantom 1996)
17.5%
Michael Jai White as Al Simmons (Spawn 1997)
16.7%
Billy Campbell as Cliff Secord (The Rocketeer 1991)
12.9%
Billy Crudup as John Osterman (Watchmen 2009)
10.2%
Quiz Playlist
Details
Report
Send in Message
Add To Playlist
More Info:
Having trouble with the alter-egos? Instead, try naming the first movie in which the actor shown depicted that hero.
Picture Box:
Type answers that correspond to images
Forced Order:
Answers have to be entered in order
Last Updated: Sep 15, 2017
Curator Pick in
Superhero
Quiz Scoreboard
CHALLENGE
Sign Up to Join the Scoreboard
Show All
Scores
Hide
Comments
May contain spoilers
Recently Published
1-10 Letter E Words III
by El_Dandy
Language
2m
Street Fighter Characters
by Artimus82
Gaming
60s
College Basketball Coaching Resumes
by pancakes188
Sports
9m
More to Explore
Quiz From the Vault
Featured Blog Post
Where Did the Easter Bunny Come From?
hide this ad
You Might Also Like...
Tags
Superhero Quiz
Alter Egos
Image Quiz
Today's Top Quizzes in Entertainment
Browse Entertainment
hide this ad
Today's Top Quizzes in Superhero
Browse Superhero
Top Contributed Quizzes in Entertainment
1
7-to-1: DC Comics Villains
2
Marvel Characters Bunker
3
Dragon Ball Z: Goku's Fights in Order
4
Eurovision 2023 Logic Puzzle
5
Sorting Pictures: Villains
6
Criteria Quickie: Cartoon Taxonomy II
7
7-to-1: One Piece
8
One Piece Characters Order of Appearance
9
Mini Trivia Sudoku: Musicals
10
Kamen Rider Motifs
Explore More
Trending Topics
Marvel
Kpop
Harry Potter
Anime
Disney
Crossword
NBA
NFL
Soccer
Pokémon
WWE
Song
Puzzle
The Office
Country
hide this ad
More By:
Hejman
Quiz
Plays
Rating
Category
Featured
Created
College Sports Logos
565,638
4.30
Sports
Jan 2, 2010
Bible or Quran?
556,652
4.35
Religion
Sep 13, 2011
Un-evolved Logos
492,341
4.29
Miscellaneous
Oct 25, 2010
Harry Potter Family Tree
491,453
3.83
Literature
May 16, 2011
History by Bobblehead
446,074
4.00
History
Apr 23, 2010
Go to Creator's Profile
Score Distribution
Quiz Creator Spotlight
Hejman
Follow
Send a Message
Quizzes Created
-
Created Quiz Play Count
-
More By This Creator
Popular Quizzes Today
1
Find the US States - No Outlines Minefield
2
Find the Countries of Europe - No Outlines Minefield
3
The Countries of the World
4
Find the US States
5
Risky Map Clicking: Biggest States A-Z
6
US States
7
Popular People in 1961
8
Movies - When Are They Set?
More Entertainment Quizzes
Fictional Lawyers
Published
Trending Quizzes
Risky Map Clicking: Least Populous States A-Z
1-10 Letter G Words
USA Borders Longest to Shortest
1-10 Letter F Words
Countries of the World: 200 Million BC
Recently Updated
Leaping Animals
pecheneg
Reality TV Shows (A-Z)
bhenderson79
Rickey Henderson's Hall of Fame Teammates
pecheneg
Champions League XIs: Arsenal
pecheneg
Quick Pick: Celebrities in WWE's Hall of Fame
aduchscher
A-Z Keypad Blitz II
pecheneg
Multiple Oscar Actors
pecheneg
Mystery Phrase Blitz: Oscar 'Best Actors'
pecheneg
F. Scott Fitzgerald Novels
LTH
Pick 3 Villains
ddd62291
Trending Topics
Disney
Marvel
Kpop
Crossword
Anime
Harry Potter
NBA
Pokémon
Country
Soccer
WWE
Puzzle
NFL
Song
The Office
Your Account Isn't Verified!
In order to create a playlist on Sporcle, you need to verify the email address you used during registration. Go to your
Sporcle Settings
to finish the process.
Report this User
Report this user for behavior that violates our
Community Guidelines
.
Details:
Send Report
Go to the Sporcle.com Mobile Site →
Comments